[Event "Syre Memorial op 29th"]
[Site "Issy les Moulineaux"]
[Date "2006.05.26"]
[Round "3"]
[White "Payen, Arnaud"]
[Black "Nguyen, Thanh Tong"]
[Result "0-1"]
[WhiteElo "2408"]
[BlackElo "2352"]
[Annotator "Primel,D"]
[PlyCount "120"]
[EventDate "2006.05.25"]
[EventType "swiss"]
[EventRounds "6"]
[EventCountry "FRA"]
[SourceTitle "EXT 2007"]
[Source "ChessBase"]
[SourceDate "2006.11.23"]
[SourceVersion "1"]
[SourceVersionDate "2006.11.23"]
[SourceQuality "1"]

1. e4 c5 2. Na3 {Une des plus étonnantes nouveautés théoriques des derniers
mois est la variante Zvjaginsev, 2.Na3!?. Tentée dans quelques parties par
correspondance de faible niveau, elle semblait n'être qu'une ouverture
surprise sans lendemain mais Zvjaginsev a continué а la pratiquer а haut
niveau et les noirs n'ont toujours pas trouvé de réfutation. Guelfand a même
déclaré récemment qu'elles était saine.} Nc6 (2... a6 $5 3. c3 Nc6 4. Nf3 Nf6
5. Qe2 $5 d6 6. g3 Bg4 {Assez douteux car les blancs vont gagner des tempi sur
le Bg4} 7. h3 Bh5 8. Bg2 e6 9. O-O Be7 10. d3 Rc8 11. Nc2 Nd7 12. g4 Bg6 13.
Nd2 $1 {[%csl Rg6][%cal Gf2f4,Gf4f5]} e5 {[%csl Rd5]} 14. Ne3 $1 {Malakhov est
le second top GMI а utiliser la variante mais ses résultats semblent un peu
moins probant.} Nf8 15. Nd5 $14 {Malakhov,V (2691)-Sasikiran,K (2692) Sarajevo
Bosnia-A 36th (9) 0-1}) (2... d6 3. c3 Nf6 4. g3 g6 5. Bg2 Bg7 6. Ne2 O-O 7.
O-O e5 8. d4 {Malakhov,V (2691)-Nisipeanu,L (2695) Sarajevo Bosnia-A 36th (5)
1/2}) (2... e6 3. c3 d5 4. e5 Nc6 5. Nf3 Bd7 6. g3 a6 7. Nc2 Rc8 8. Bg2 Qc7 9.
Qe2 c4 {[%csl Rd3]} 10. O-O Bc5 $132 {Zvjaginsev,V (2659)-Dreev,A (2694)
RUS-ch Superfinal (7) 1/2}) 3. Bb5 Nf6 (3... g6 4. c3 Bg7 5. d3 Nf6 6. f4 {
Zvjaginsev,V (2670)-Ponomariov,R (2738) RUS-chT 13th (1) 1-0}) 4. Bxc6 $146 ({
RR} 4. d3 g6 5. f4 Nd4 6. Ba4 Bg7 7. c3 Nc6 8. Nf3 O-O 9. O-O d5 10. Bxc6 bxc6
11. e5 Ne8 12. Nc2 Rb8 13. Be3 Qa5 14. b4 cxb4 15. cxb4 Qc7 16. Bc5 f6 17. d4
Bg4 18. Ne3 Bxf3 {Tirrito,L (2081)-Lapiccirella,M (2192)/Bratto 2002/EXT 2003/
0-1 (37)}) 4... dxc6 5. d3 g6 6. Ne2 (6. Nf3 Bg4) 6... Bg7 7. f3 O-O 8. Be3 Nd7
9. Qc1 b5 {[%csl Ra3]} 10. Bh6 (10. O-O) 10... Qa5+ 11. Kf2 Bxh6 12. Qxh6 Qb4
$2 {la Q noire est hors-jeu et elle ne peut pas défendre l'aile-roi.} (12... c4
$1 13. dxc4 b4 14. Nb1 Qc5+ {[%cal Gc5f2,Gc5c4]}) 13. Rab1 Qa4 14. h4 $1 f6 {
(19")} 15. Qd2 {(65)} Ne5 16. f4 Ng4+ 17. Kg3 f5 18. h5 Be6 (18... fxe4 $1 19.
hxg6 hxg6 20. Qc3 {[%csl Rh8]} Nf6 21. Qxc5 b4) 19. hxg6 hxg6 20. Qc3 Qb4 $6
21. Qh8+ Kf7 22. Qh7+ $2 (22. Rh7+ $1 {Les blancs déjà trés en retard au temps
pouvaient obtenir une forte attaque en faisant rentrer une seconde pièce dans
le camp noir.} Ke8 23. Qg7 {[%csl Re7]} (23. exf5 $5 Qd2 $1 (23... Rxh8 24.
Rxh8+ Kd7 25. fxe6+ Kxe6 26. c3 Qa4 27. Rxa8) 24. fxe6 Qxe2 25. Qg7 Qe3+ 26.
Kh4 Qxe6) 23... c4 $1 {[%cal Gb4e7]} 24. Rh8 (24. Nd4 Rg8) (24. Qxg6+ Kd7 25.
Nd4) (24. exf5 Bxf5 25. Rh8 (25. Nd4 Kd7 26. Nxf5 gxf5 27. dxc4 {[%cal Gb1d1]}
Rad8 28. c3 (28. Rd1+ Kc8 29. cxb5 Ne3 30. Rxd8+ Rxd8 31. Qxe7 Nf1+ $3 {
La pointe qui a aboutit а un échec perpétuel} 32. Kf3 (32. Kf2 Qd4+)) 28... Qc5
29. Qd4+ Qxd4 30. cxd4) 25... Kd7) 24... Kd7 $1 25. Rxf8 Rxf8 26. Qxf8 Qd2 $1)
22... Ke8 23. c3 Qa4 24. Rh4 b4 25. Rxg4 (25. cxb4 cxb4 26. Qxg6+ Bf7) 25...
fxg4 26. cxb4 cxb4 27. Nc4 Bxc4 (27... Qc2 {[%cal Gc2d3]} 28. Qxg6+ Bf7 (28...
Kd7 29. Ne5+) (28... Kd8 29. Qxe6 Qxb1)) 28. dxc4 Qc2 29. Qxg6+ Kd7 30. Qxc6+
$1 Kxc6 31. Nd4+ Kc5 32. Nxc2 Kxc4 33. Kxg4 Rad8 34. Ne3+ {[%csl Gg2][%cal
Gg2g8]} Kb5 35. Nd5 Rf7 36. Rc1 e6 37. Nc7+ Kb6 38. Nxe6 Rd2 39. Kf3 (39. g3
Rxb2 40. Ra1 Re2 41. Kf3) 39... Rxb2 40. g4 Rxa2 41. g5 Ra3+ 42. Kg4 Rc3 43.
Rb1 (43. Rd1 b3 44. f5 $16) 43... Rc4 44. e5 (44. g6 $1 {Peut-être une erreur
de saisie}) 44... Re7 45. Nf8 (45. Kf5) 45... a5 46. g6 a4 47. e6 a3 48. Ra1
Kb5 49. Kg5 Ka4 50. Nd7 Rc6 51. f5 b3 52. f6 Rexe6 53. g7 b2 54. Rd1 Rc1 55.
g8=Q Rxd1 56. Qxe6 b1=Q 57. Qc4+ Ka5 58. Qc3+ Qb4 59. Qxb4+ (59. Qc7+) 59...
Kxb4 60. f7 Rg1+ {[%mdl 256]} 0-1

[Event "Match/Nation FRA-BUL 31-41"]
[Site "St Maxime"]
[Date "1984.10.??"]
[Round "8"]
[White "Haik, Aldo"]
[Black "Radulov, Ivan"]
[Result "1-0"]
[WhiteElo "2425"]
[BlackElo "2450"]
[Annotator "Primel,D"]
[PlyCount "77"]
[EventDate "1984.10.10"]
[EventType "team-schev"]
[EventRounds "12"]
[EventCountry "FRA"]
[SourceTitle "EXT 2018"]
[Source "ChessBase"]
[SourceDate "2017.10.13"]
[SourceVersion "1"]
[SourceVersionDate "2017.10.13"]
[SourceQuality "1"]
[WhiteTeam "France"]
[BlackTeam "Bulgaria"]
[WhiteTeamCountry "FRA"]
[BlackTeamCountry "BUL"]

1. e4 c5 2. Nf3 Nc6 3. Bb5 g6 4. O-O Bg7 5. Re1 e5 6. a3 (6. Bxc6) (6. c3 Nge7
7. d3 a6 8. Ba4 O-O 9. Be3 d6 10. Qd2 b5 11. Bc2 Rb8 12. Bh6 Bg4 13. Bd1 d5 14.
Bxg7 Kxg7 15. exd5 Qxd5 16. Bb3 Qd6 17. Ng5 Bf5 18. Ne4 Bxe4 19. dxe4 Rfd8 20.
Rd1 Qf6 21. Qe2 c4 {1/2-1/2 (21) Szabo,L-Ivkov,B Havana 1966}) 6... Nge7 7. b4
d6 8. c3 O-O 9. Bb2 $146 (9. d3 a6 10. Bc4 b5 11. Ba2 a5 12. bxc5 dxc5 13. Be3
Qd6 14. a4 b4 15. Bc4 Bg4 16. h3 Bxf3 17. Qxf3 Kh8 18. Qe2 f5 19. f3 f4 20. Bf2
bxc3 21. Nxc3 Nd4 22. Qd2 g5 23. Nb5 Qd7 24. Rec1 h5 25. Bxd4 exd4 26. Bb3 Rfc8
27. Bf7 g4 28. Bxh5 gxh3 29. Bg4 {1-0 (29) Kovacevic,V (2500)-Rukavina,J (2420)
Zagreb 1979}) 9... h6 10. d3 a6 11. Ba4 g5 (11... f5 12. Nbd2) 12. Nbd2 b5 13.
Bb3 a5 14. bxc5 dxc5 15. a4 b4 16. Bc4 Qd6 17. h3 g4 18. hxg4 Bxg4 19. g3 Kh8
20. Qc2 f5 21. Nh2 Bh3 22. exf5 Nxf5 23. Ne4 Qg6 24. Bd5 Rac8 25. Qb3 bxc3 26.
Bxc3 Ncd4 27. Qa2 h5 28. Bxd4 Nxd4 29. Rac1 h4 $132 30. Kh1 hxg3 31. fxg3 Bh6
32. Rb1 Qh5 33. Rb6 Bg4 34. Nf6 Rxf6 35. Rxf6 Nf5 36. Qf2 Qh3 37. Re4 Rb8 (
37... Nxg3+ $2 38. Qxg3 Qxg3 39. Rxh6+ Kg7 40. Rxg4+) 38. Ba2 Bg5 39. Rxg4 1-0

[Event "Arber op 4th"]
[Site "Bayerisch Eisenstein"]
[Date "2015.08.05"]
[Round "5"]
[White "Prusikin, Michael"]
[Black "Koop, Thorben"]
[Result "1/2-1/2"]
[WhiteElo "2536"]
[BlackElo "2414"]
[Annotator "Prusikin,M"]
[PlyCount "58"]
[EventDate "2015.08.01"]
[EventType "swiss"]
[EventRounds "9"]
[EventCountry "GER"]
[SourceTitle "EXT 2016"]
[Source "ChessBase"]
[SourceDate "2015.10.08"]
[SourceVersion "1"]
[SourceVersionDate "2015.10.08"]
[SourceQuality "1"]

1. e4 c5 2. Nf3 Nc6 3. Bb5 g6 4. O-O Bg7 5. Nc3 d6 $5 {Ein seltener Zug, aber
evtl. einer der besten.} 6. d3 Bd7 7. a3 $5 {Marke Eigenbau. Die Idee ist, den
Läufer nicht abzutauschen, sondern nach c4 zurück zu ziehen. Die Stellung
erinnert stark an Englisch mit vertauschten Farben, allerdings steht der
schwarze Läufer auf d7 möglicherweise nicht optimal.} Rc8 {Legt sich etwas
zu früh fest, was aber keine größeren Nachteile zu haben scheint. Zwei
Vorgängerpartien gingen mit dem natürlichen 7...Nf6 weiter.} 8. Bc4 Nf6 9. h3
O-O 10. Be3 a6 11. Ba2 b5 12. Qd2 Qc7 13. Rac1 $1 (13. Bh6 $6 {ist verlockend,
aber schlecht:} Nd4 14. Nh4 Bxh6 15. Qxh6 Be6 $1 $15 ({aber nicht} 15... Nxc2
$2 16. Nf3 $1 Nd4 17. Ng5 {- hier geht Schwarz tatsächlich bald Matt})) 13...
Qb7 14. Bh6 c4 $5 15. Qg5 {Weiß hatte eine bereite Auswahl an Plänen, aber
warum nicht Matt setzen?! :)} (15. Qf4 {war allerdings die genauere Umsetzung
derselben Idee, siehe die Anmerkung zum fünfzehnten Zug von Schwarz}) 15...
Rfe8 (15... Ne5 $1 {mit diesem Zug konnte Torben den versteckten Nachteil von
15.Qg5 aufdecken.} 16. Nxe5 Bxh6 17. Qxh6 dxe5 $15) 16. Qh4 Bh8 17. Ng5 Nd4 18.
f4 a5 $1 {"-Doktor, alle ignorieren mich! - Der Nächste, bitte!"} 19. f5 (19.
Qf2 b4 $1 20. Qxd4 Ng4 $19) 19... b4 {Ich konnte nicht glauben, dass mein
Aufmarsch am Königsflügel dermaßen dreist ignoriert werden kann und war mir
insgesamt meiner Sache recht sicher, zumal Torben nur noch 5 Minuten auf der
Uhr hatte. Allerdings musste ich feststellen, dass die Einschläge auf f7 und
h7 nicht zielführend sind, daher blieb nur ein Kandidatenzug übrig:} 20. fxg6
(20. Nxh7 bxc3 $1 21. fxg6 fxg6 22. Rxf6 exf6 23. Nxf6+ Bxf6 24. Qxf6 Be6 25.
Qxg6+ Kh8 $19) 20... fxg6 $1 {Auch der kam für mich überraschend, aber auch
dabei handelt es sich um den besten Zug! hier habe ich ca. 23 der mir
verbliebenen 25 Minuten investiert, sodass der Rest der Partie ziemlich
hektisch ablief, umringt von einer Zuschauertraube. Einen Gewinn vermag ich
allerdings nicht zu entdecken, schlimmer noch - es scheint auch keinen zu
geben. Offenbar schätzte ich die Stellung etwas zu optimistisch ein!} (20...
hxg6 {hält zwar auch, zwingt Schwarz aber dazu, eine Reihe einziger Züge zu
finden:} 21. Nd5 Ne2+ $8 22. Kh2 $8 (22. Kh1 b3 23. Rxf6 Bxf6 24. Nxf6+ exf6
25. Bg7 Ng3+ $3 $19) 22... Nxc1 $8 (22... b3 23. Rxf6 Qxd5 24. exd5 exf6 25.
Ne4 Rxe4 26. dxe4 Nxc1 27. Bb1 bxc2 28. Bxc2 Nd3 29. Bd2 $16) 23. Rxf6 Qxd5 $8
24. Rxg6+ fxg6 25. exd5 Nxa2 26. Bf8 Be5+ 27. Kh1 Kxf8 $11) 21. dxc4 $5 {
Entgegen der Engineangabe stellt dieser Zug immerhin eine der beiden
Möglichkeiten dar, die Partie noch Untentschieden zu gestalten.} (21. axb4
axb4 22. Nd5 Nxd5 23. Bg7 h5 24. Bxh8 Kxh8 25. exd5 Qa7 26. Kh1 b3 (26... Nf5
27. Rxf5 Bxf5 28. Bxc4 $14) 27. Nf7+ Kg7 (27... Kh7 28. Nxd6 Nf5 29. Nxf5 Bxf5
30. Bb1 $16) 28. Nxd6 exd6 29. Qf6+ Kh7 30. Qf7+ Kh6 31. Qf4+ $11 {war der
andere Weg zum Remis.}) 21... bxc3 22. c5+ e6 (22... d5 $5 23. Qf2 cxb2 $8 24.
Rcd1 (24. Bxd5+ Qxd5 25. exd5 bxc1=Q 26. Rxc1 Nf5 27. c6 Nxh6 28. cxd7 Nxd7 $17
) 24... e6 25. Rxd4 Bb5 26. Rb1 Nxe4 27. Rxe4 dxe4 28. c3 Qd7 (28... Bxc3 29.
Nxe6 Qf7 30. Qxf7+ Kxf7 31. Nc7+ Ke7 32. Nxb5 Rxc5 33. Nxc3 Rxc3 34. Rxb2 Rxa3
35. Kf2 $14) 29. Rxb2 Bxc3 30. Nxe6 Kh8 31. Be3 Be5 32. Rd2 Bd3 33. Ng5 Rf8 34.
Nf7+ Rxf7 35. Qxf7 Qxf7 36. Bxf7 $11) 23. Bg7 $3 {Ein Glücksgriff - nur so
kann der Anziehende das Gleichgewicht halten, wobei ich natürlich nicht alles
berechen konnte.} Bxg7 (23... cxb2 24. Rcd1 (24. Bxf6 Bb5 $1 $19) 24... Kxg7 (
24... Nh5 25. Bxh8 Kxh8 26. Nf7+ Kg8 27. Rxd4 Qa7 28. Nxd6 Qxc5 29. e5 Ng3 30.
Nxe8 Rxe8 31. Rf2 Nf5 32. Rxf5 gxf5 33. Qg5+ $11) 25. Rxf6 h5 (25... Ne2+ 26.
Kh1 h5 27. Rdf1 Rf8 28. Nf7 Rxc5 29. Nxh8 Ng3+ 30. Kg1 g5 31. Rxf8 gxh4 32.
R1f7+ Kh6 33. Rf6+ Kg7 34. R6f7+ $11) 26. Rdf1 b1=Q (26... Re7 $2 27. g4 $18)
27. Rxb1 Qa7 28. Qf2 Qxc5 29. Rf7+ Kg8 30. Rxd7 Ne2+ 31. Kf1 Qxf2+ 32. Kxf2 Nc3
33. Nf7 $3 Rf8 34. Ke1 Rxf7 35. Bxe6 Nxb1 36. Rxf7 Rc3 37. Rb7+ Kf8 38. Rxb1
$11) (23... Nh5 24. Bxh8 Ne2+ (24... Kxh8 25. Qf2 $1 cxb2 26. Qxd4+ e5 27. Qd2
bxc1=Q 28. Qxc1 d5 29. Bxd5 Qa7 30. Nf7+ Kg8 31. Ng5+ Kh8 $11) 25. Kh2 Nxc1 26.
Rf7 $1 Kxh8 27. Rxh7+ Kg8 28. Qf2 (28. Rh6 Kg7 29. Rh7+ Kg8 $11) 28... Rf8 29.
Qd4 Rf6 30. Bxe6+ Bxe6 31. Rxb7 Ne2 $1 32. Qxd6 {Diagramm [#]} Nhg3 $3 33. Qe7
Nf1+ 34. Kh1 Nfg3+ $11) 24. Rxf6 h6 (24... Ne2+ 25. Kh2 $1 (25. Kh1 Ng3+ $3 $19
) 25... h5 26. Rxg6 Qc7 27. Nf7 dxc5+ 28. e5 Kxf7 29. Rxg7+ Kxg7 30. Qg5+ $11)
25. Rxg6 hxg5 26. Rxg7+ Kxg7 27. Qxg5+ Kh7 28. Qh5+ Kg7 29. Qg5+ Kh7 1/2-1/2

[Event "EU-chT (Men) 18th"]
[Site "Porto Carras"]
[Date "2011.11.10"]
[Round "8.3"]
[White "Jones, Gawain C B"]
[Black "Agopov, Mikael"]
[Result "1-0"]
[WhiteElo "2635"]
[BlackElo "2450"]
[Annotator "RR"]
[PlyCount "59"]
[EventDate "2011.11.03"]
[EventType "team-swiss"]
[EventRounds "9"]
[EventCountry "GRE"]
[SourceTitle "CBM 146"]
[Source "ChessBase"]
[SourceDate "2012.01.18"]
[SourceVersion "1"]
[SourceVersionDate "2012.01.18"]
[SourceQuality "1"]
[WhiteTeam "England"]
[BlackTeam "Finland"]
[WhiteTeamCountry "ENG"]
[BlackTeamCountry "FIN"]

1. e4 c5 2. Nf3 Nc6 3. Bb5 g6 4. Bxc6 bxc6 5. O-O Bg7 6. Re1 Nh6 7. h3 O-O 8.
c3 f6 9. d4 cxd4 10. cxd4 Nf7 11. Qc2 Qb6 12. Nc3 d6 13. b3 Ng5 14. Nxg5 fxg5
15. Na4 Qa6 16. Bb2 Rf7 17. d5 Bxb2 18. Nxb2 Bb7 19. Qd2 Raf8 20. f3 Qb5 21.
Rad1 cxd5 22. exd5 Rc8 23. Qxg5 Rc2 24. Nc4 Qc5+ 25. Ne3 e5 $2 (25... Rxa2 26.
Rc1 Qd4 $14) 26. Kh1 $18 Rc3 27. Ng4 Kg7 {[%tqu "En","","","","e1e5","",10]}
28. Rxe5 $1 dxe5 29. Qxe5+ Kf8 30. Re1 1-0

[Event "USA-CHN Summit 2nd"]
[Site "Shanghai"]
[Date "2002.07.11"]
[Round "1"]
[White "Benjamin, Joel"]
[Black "Ni, Hua"]
[Result "1-0"]
[WhiteElo "2608"]
[BlackElo "2533"]
[Annotator "Rabinovich,Al"]
[PlyCount "63"]
[EventDate "2002.07.11"]
[EventType "team"]
[EventRounds "4"]
[EventCountry "CHN"]
[SourceTitle "CBM 091"]
[Source "ChessBase"]
[SourceDate "2002.11.12"]
[SourceVersion "1"]
[SourceVersionDate "2002.11.12"]
[SourceQuality "1"]

1. e4 {[%mdl 8224]} c5 2. Nf3 Nc6 3. Bb5 g6 {It is always a question:to take
on c6 immediatly or to wait for the suitble moment....} 4. O-O (4. Bxc6 dxc6 5.
d3 Bg7 6. h3 Nf6 7. Nc3 O-O (7... Nd7 $1 8. Be3 e5 9. Qd2 Qe7 10. O-O Nf8 11.
Bh6 Ne6 12. Bxg7 Nxg7 13. Ne2 f6 14. Nh2 g5 $1 $15 {1/2-1/2 Anand,V-Ivanchuk,V/
Prague CZE 2002/The Week in Chess 391 (50)}) 8. O-O Nd7 9. Be3 e5 10. Qd2 Re8
11. Nh2 b6 12. Bh6 Bh8 13. Kh1 Qe7 14. Rae1 Nf8 15. Ne2 Ne6 16. b3 a5 17. a4
Bd7 18. f4 $14 {1/2-1/2 Adams,M-Leko,P/Dortmund GER 2002/The Week in Chess 400
(44)}) 4... Bg7 5. Re1 Nf6 6. e5 Nd5 7. Nc3 (7. Bxc6 dxc6 8. d4 cxd4 9. Qxd4
Bf5 10. Na3 Qc7 11. c3 a5 12. Qh4 h6 13. Nc4 O-O-O 14. Nd4 $14 {1-0 Pasman,
M-Zilberman,Y/ISR 2002/The Week in Chess 391 (29)}) 7... Nc7 8. Bxc6 dxc6 9.
Ne4 {[%cal Ge4c5,Ge4f6]} Ne6 (9... b6 $5 10. Nf6+ Kf8 11. Ne4 Bg4 12. d3 Ne6 {
Kf8 isn't placed badly,but it takes time to develop the Rh8.} 13. Ned2 Bh6 14.
h3 Bxf3 15. Nxf3 Bxc1 16. Qxc1 Kg7 17. Re4 Qd5 $14 {1-0 Ye Jiangchuan-Ni Hua/
HeiBei 2001/EXT 2002 (48)}) 10. d3 O-O 11. Be3 {[%csl Rc5]} b6 12. Qd2 Nd4 (
12... f5 $5 13. exf6 exf6 14. Re2 a5 15. Rae1 Ra7 $132) 13. Nxd4 cxd4 14. Bh6
c5 {[%cal Gc8b7]} (14... Bxe5 $5 15. Bxf8 Qxf8 {Interesting,but in my opinion
is not enough.}) 15. Qf4 Bb7 16. Bxg7 Kxg7 17. b3 $14 {[%csl Ge4,Ge5,Gf4] /+/
-The results of the opening are in white favour. Controling center white also
gained some space advantage in the center and on the Kside.And the important
thing is that black has no counterplay at all.} Qd5 18. Qg3 $1 {[%csl Rg2]
[%cal Gf2f4,Gg3g2]} Rad8 {Preparing f5.} (18... f5 19. exf6+ exf6 20. Nd6 $16 {
[%cal Ge1e7]}) 19. Re2 f5 20. exf6+ exf6 21. Rae1 {Black position becomes
really unpleasant.} Bc6 22. f4 Rde8 $2 {Trying to fight for e-file.....} (22...
Qh5 $142 {[%cal Gc6e4]} 23. f5 Qxf5 24. Qc7+ Qd7 25. Nxc5 Qxc7 26. Ne6+ Kh6 27.
Nxc7 Rf7 28. Ne6 Rd6 29. Nf4 b5 $14 {[%csl Ra2,Rc2][%cal Gb5b4] /+/-}) 23. f5
$16 {Now black position is almost lost.Black king is very weak and it just a
matter of time until white rooks will enter the 7 rank.} Qe5 $4 {[%mdl 8192]
Loosing by force.} (23... Rd8 $142 $8 24. fxg6 hxg6 {With some chances to hold
the position.}) 24. Nd6 $18 Qxe2 (24... Qxg3 25. Nxe8+ Bxe8 26. hxg3 $18) 25.
Nxe8+ Qxe8 (25... Rxe8 26. Rxe2 Rxe2 27. Qc7+ $18) 26. Rxe8 Bxe8 27. Qb8 {
White collects all the black pawns on Qside and black could have resigned
already now.} gxf5 28. Qxa7+ Bf7 29. Qxb6 Re8 30. a4 Bd5 31. Qa7+ {[%cal Ga7d7,
Gd7d5,Gd7e8]} Bf7 32. a5 1-0

[Event "EU-Cup 18th"]
[Site "Kallithea"]
[Date "2002.09.26"]
[Round "5.6"]
[White "Socko, Bartosz"]
[Black "Stanojoski, Zvonko"]
[Result "1-0"]
[WhiteElo "2562"]
[BlackElo "2479"]
[Annotator "Rabinovich,Al"]
[PlyCount "91"]
[EventDate "2002.09.22"]
[EventType "team-swiss"]
[EventRounds "7"]
[EventCountry "GRE"]
[SourceTitle "CBM 092"]
[Source "ChessBase"]
[SourceDate "2003.02.06"]
[SourceVersion "1"]
[SourceVersionDate "2003.02.06"]
[SourceQuality "1"]
[WhiteTeam "Warsaw Polonia"]
[BlackTeam "Skopje Alkaloid"]
[WhiteTeamCountry "POL"]
[BlackTeamCountry "MKD"]

1. e4 c5 2. Nf3 Nc6 3. Bb5 g6 4. Bxc6 bxc6 5. O-O Bg7 6. Re1 Nf6 7. e5 Nd5 8.
d3 $5 $146 {[%mdl 8] Bartosz comes up with a new move,but it's hard to say if
it stronger than the alternative 8.c4!?} (8. c4 $5 Nc7 9. d4 cxd4 10. Qxd4 O-O
(10... d5 11. Nc3 O-O 12. Qh4 h5 13. h3 $36 {[%cal Gf3d4,Gf3g5] 1-0 Estrada
Nieto,J-Mirzoev,A/Linares ESP 2002/The Week in Chess 383 (34)}) 11. Qh4 f6 12.
Nc3 Ne6 13. exf6 exf6 14. Be3 $36 {1-0 Sutovsky,E-Tibensky,R/Kaskady SVK 2002/
The Week in Chess 400 (28)}) 8... O-O 9. Bg5 $5 (9. h3 f6 10. exf6 Nxf6 11.
Nbd2 d6 12. Ne4 Nd5 13. c3 Rb8 $11 {[%cal Gd5f4] 0-1 Miljanic,B-Fabiano,G/
Barcelona 1991/EXT 2002 (43)}) 9... f6 {Sooner or later black will have to
play it.} 10. exf6 exf6 (10... Nxf6 $5 {[%cal Gd7d6,Ge7e5] Deserves some
attention.}) 11. Bd2 Rb8 (11... Qb6 $6 12. c4 $1 Qxb2 13. cxd5 Qxa1 14. Qc2 $18
{[%cal Gd2c3,Gb1c3]}) (11... f5 $5 {To prevent c4..} 12. Nc3 Rb8) 12. c4 Nc7 {
[%cal Gc7e6]} 13. b3 (13. Bc3 $5 $14 {[%cal Gb1d2,Gd2e4,Ge4c5,Ge4d6]}) 13...
Ne6 14. Nc3 $14 {As a result of the opening white got a better position.} d6
15. Ne2 $1 Rb7 16. d4 d5 $6 {[%mdl 16384] Black is not ready for the opening
of the center and it leads to weaknesses on Qside..} (16... Re8 $142 $5 $14 {
[%cal Gb7e7,Ge7e1]}) 17. cxd5 cxd5 18. Rc1 c4 {Black decides to sacrafise the
pawn,but gets no real compensation for it!} (18... cxd4 19. Nexd4 Nxd4 20. Nxd4
$16 {[%csl Gc6,Ge6]}) 19. bxc4 dxc4 20. Rxc4 Ng5 {Illusions of initiative?!} (
20... Qd5 $5 {[%cal Gf8d8,Gc8b7]}) 21. Nxg5 fxg5 22. Be3 $16 Be6 23. Rc2 Rd7
24. Qd2 {[%csl Rg5]} h6 $6 {Weakens more Kside.} (24... Rf5 $142 {[%cal Gf5b5,
Gf5g5]}) 25. Rc6 Bf7 26. h4 $1 $18 {[%mdl 128] Complitely ruins black pawn
structure on Kside and black king remains exposed.} Qa8 27. Rc5 $1 (27. Rec1 $6
Bd5 28. Rxg6 Bxg2 $132 {[%cal Gg2h3,Gg2h1]}) 27... gxh4 {What else.....} 28.
Bxh6 h3 29. gxh3 Bxh6 30. Qxh6 Bxa2 {The last try.} 31. Rg5 Rf6 $8 32. Ng3 $1 {
[%cal Gg3h5,Gg5g6]} Qf8 $8 33. Rxg6+ Rxg6 34. Qxg6+ Rg7 $8 (34... Kh8 35. Re8
$18) 35. Qc6 {[%cal Ge1e8]} Qf5 $6 (35... Kh7 36. Qc2+ {[%cal Gc2a2,Gc2h7]}) (
35... Bf7 $142 $8 $18) 36. Re5 {[%cal Ge5h5]} Qg6 37. Qc8+ Kh7 38. Kh2 {
[%cal Ge5h5] Now black looses by force.} Rg8 39. Qb7+ Rg7 40. Qa8 Qc2 (40...
Rg8 41. Qxa7+ Rg7 42. Qxa2 $18) 41. Rh5+ Kg6 42. Qf3 {This one will do it too.}
(42. Qf8 $1 {Could be very nice end for this game!} Bd5 (42... Rh7 $8 43. Qd6+
Kf7 44. Qc7+ $3 Qxc7 45. Rxh7+ Ke6 46. Rxc7 $18) 43. Rg5+ $3 Kxg5 44. Qxg7+ Kf4
(44... Qg6 45. h4+ Kxh4 46. Qxg6 {[%cal Gg3f5,Gg6h5]}) 45. Qg4#) 42... Rf7 43.
Qg4+ Kf6 44. Ne4+ Ke7 45. Re5+ Kf8 (45... Kd8 46. Qg8+ Kc7 47. Rc5+ $18) 46.
Qh4 {[%cal Gh4h8]} 1-0